Hidráulica general

Gardado en:
Detalles Bibliográficos
Autor Principal: Sotelo Avila, Gilberto
Formato: Libro
Idioma:Spanish
Publicado: México : Limusa, 1997
Materias:
Etiquetas: Engadir etiqueta
Sen Etiquetas, Sexa o primeiro en etiquetar este rexistro!

MARC

LEADER 00000nam a2200000Ia 4500
003 000177
005 20221231144013.0
008 140114s1997 mx a 000 ||spa d
040 |c cru CEDI 
082 |a 532 S717h 
100 |a Sotelo Avila, Gilberto  |9 19795 
245 |a Hidráulica general  
260 |a México : Limusa,   |c 1997 
300 |a volúmenes : ilustraciones. 
500 |a Contenido: Volumen 1. Fundamentos 
650 |x HIDRAULICA  |9 19796 
942 |2 ddc  |c BK 
999 |c 15482  |d 15482